Estatísticas para Bandeiras da África

Clique aqui para jogar o quiz

Estatísticas Gerais

  • Esse quiz foi jogado 16 456 vezes
  • A pontuação média é 36 de 54

Estatísticas das Respostas

Resposta% Correto
África do Sul
100%
Angola
95%
Egito
94%
Tunísia
93%
Argélia
91%
Nigéria
90%
Quênia
87%
Costa do Marfim
84%
Marrocos
83%
Uganda
83%
Camarões
81%
Senegal
79%
Cabo Verde
76%
Gana
75%
Seychelles
75%
Moçambique
74%
Etiópia
73%
Libéria
72%
Níger
71%
Somália
71%
Suazilândia
70%
Mauritânia
69%
Madagáscar
68%
Tanzânia
68%
Líbia
66%
Botswana
65%
Chade
65%
Malawi
65%
República Democrática do Congo
64%
Sudão
64%
Zâmbia
64%
Burkina Faso
63%
Burundi
63%
Lesoto
63%
Sudão do Sul
61%
Mali
59%
Togo
59%
Zimbábue
59%
Gabão
58%
Comores
57%
Eritreia
57%
República Centro-Africana
57%
São Tomé e Príncipe
53%
Guiné
52%
Guiné-Bissau
52%
República do Congo
52%
Serra Leoa
52%
Benim
50%
Guiné Equatorial
50%
Ruanda
49%
Djibouti
48%
Maurícia
48%
Namíbia
45%
Gâmbia
42%

Distribuição das Pontuações

Percentil de Números Respondidos

Porcentagem de Pessoas com Cada Pontuação

Sua Pontuação Histórica

Você não jogou esse quiz